[Event "Osijek op"]
[Site "Osijek"]
[Date "2005.02.15"]
[Round "5"]
[White "Elez, Ivan"]
[Black "Prekratic, Marijan"]
[Result "0-1"]
[WhiteElo "1863"]
[BlackElo "1980"]
[PlyCount "52"]
[EventDate "2005.02.12"]
[EventType "swiss"]
[EventRounds "9"]
[EventCountry "CRO"]
[SourceTitle "EXT 2006"]
[Source "ChessBase"]
[SourceDate "2005.11.24"]
[SourceVersion "1"]
[SourceVersionDate "2005.11.24"]
[SourceQuality "1"]

1. e4 e6 2. d4 d5 3. e5 c5 4. c3 Nc6 5. Nf3 cxd4 6. cxd4 Bd7 7. Be2 Qb6 8. 0-0 Rc8 9. Re1 Nge7 10. Na3 a6 11. Nc2 Nf5 12. Rb1 Nb4 13. Nxb4 Bxb4 14. Rf1 0-0 15. Be3 Bb5 16. a3 Bxe2 17. Qxe2 Be7 18. Qd3 Rc6 19. Bd2 Rfc8 20. g4 Nh4 21. Nxh4 Bxh4 22. g5 Rc4 23. Qh3 Qxd4 24. Be3 Qg4+ 25. Qxg4 Rxg4+ 26. Kh1 Re4 0-1

[Event "Osijek op"]
[Site "Osijek"]
[Date "2004.01.31"]
[Round "1"]
[White "Prekratic, Marijan"]
[Black "Cajzler, Hinko"]
[Result "0-1"]
[WhiteElo "1958"]
[BlackElo "2210"]
[PlyCount "94"]
[EventDate "2004.01.??"]
[EventType "swiss"]
[EventRounds "9"]
[EventCountry "CRO"]
[SourceTitle "EXT 2005"]
[Source "ChessBase"]
[SourceDate "2004.11.15"]
[SourceVersion "1"]
[SourceVersionDate "2004.11.15"]
[SourceQuality "1"]

1. Nf3 d5 2. d4 c6 3. g3 Bf5 4. Bg2 h6 5. Nbd2 Nf6 6. c3 Nbd7 7. Qb3 Qb6 8. Qxb6 axb6 9. 0-0 e6 10. Nh4 Bh7 11. Nhf3 Bd6 12. Re1 0-0 13. b3 b5 14. b4 Ra6 15. a3 Rfa8 16. Bb2 Nb6 17. Rad1 Re8 18. Kf1 Nbd7 19. Kg1 e5 20. dxe5 Nxe5 21. Nxe5 Bxe5 22. Nf3 Bc7 23. Nd2 Bb6 24. Kf1 Ng4 25. e3 Nxh2+ 26. Kg1 Ng4 27. Nf3 Raa8 28. Bh3 Nf6 29. Nd2 Re7 30. Bg2 Rae8 31. Bf3 Bg6 32. Kg2 Ne4 33. Nxe4 Bxe4 34. Ra1 Ra8 35. Rac1 Bxf3+ 36. Kxf3 Re6 37. Rcd1 f5 38. Rh1 Kf7 39. Rh5 Kg6 40. Rdh1 Rae8 41. Bc1 Bd8 42. Bd2 Bf6 43. R5h2 Re4 44. Ra1 Ra8 45. a4 Rxa4 46. Rxa4 bxa4 47. Rh1 Bxc3 0-1